000 00611Cam#a22002055a#4500
003 AR-RoUNA
008 140529||||||||||||||||| |||| 0|||| d
040 _aAR-RoUNA
_bspa
041 _aspa
080 _a697.9
092 _lC346 ej.1
110 _acarrier air conditioning company
_919313
245 _aManual de aire acondicionado (handbook of air conditioning system design) :
250 _a4ta. Reimpresión
260 _aBarcelona :
_bMarcombo Sa De Boixareu Editores,
_c1978
300 _bcuadros
_bgráficos
_bfot.
_e69.001.2 W 133
_a
653 _aAire Acondicionado
930 _e3144
942 _2cdu
999 _c4170
_d4170